| 000 | 00537nam a22001812 4500 | ||
|---|---|---|---|
| 001 | 0000001974 | ||
| 005 | 20151217155814.0 | ||
| 008 | 070329s xx 000 0 eng d | ||
| 040 |
_aKABU _cKABU |
||
| 050 | 0 |
_aHE9843 _b.A3J66 |
|
| 100 | 1 |
_aJones, David. _@0000151105 |
|
| 245 | 1 | 4 |
_aThe Time shrinkers : _bthe development of civil aviation between Britain and Africa. |
| 260 |
_aLondon : _bD. Rendel, _c1971. |
||
| 300 | _axii, 271 p. | ||
| 908 | _a070329 | ||
| 950 | _@1 | ||
| 999 |
_c12675 _d12675 |
||